<?xml version="1.0" encoding="UTF-8"?><?xml-stylesheet type="text/xsl" href="static/style.xsl"?><OAI-PMH xmlns="http://www.openarchives.org/OAI/2.0/" xmlns:xsi="http://www.w3.org/2001/XMLSchema-instance" xsi:schemaLocation="http://www.openarchives.org/OAI/2.0/ http://www.openarchives.org/OAI/2.0/OAI-PMH.xsd"><responseDate>2026-04-18T07:32:27Z</responseDate><request verb="GetRecord" identifier="oai:www.recercat.cat:2072/458763" metadataPrefix="marc">https://recercat.cat/oai/request</request><GetRecord><record><header><identifier>oai:recercat.cat:2072/458763</identifier><datestamp>2024-11-01T01:02:23Z</datestamp><setSpec>com_2072_98</setSpec><setSpec>col_2072_378192</setSpec></header><metadata><record xmlns="http://www.loc.gov/MARC21/slim" xmlns:dcterms="http://purl.org/dc/terms/" xmlns:xsi="http://www.w3.org/2001/XMLSchema-instance" xmlns:doc="http://www.lyncode.com/xoai" xsi:schemaLocation="http://www.loc.gov/MARC21/slim http://www.loc.gov/standards/marcxml/schema/MARC21slim.xsd">
   <leader>00925njm 22002777a 4500</leader>
   <datafield ind2=" " ind1=" " tag="042">
      <subfield code="a">dc</subfield>
   </datafield>
   <datafield ind2=" " ind1=" " tag="720">
      <subfield code="a">López-Alvarado, Javier</subfield>
      <subfield code="e">author</subfield>
   </datafield>
   <datafield ind2=" " ind1=" " tag="720">
      <subfield code="a">Mameli, Giulia</subfield>
      <subfield code="e">author</subfield>
   </datafield>
   <datafield ind2=" " ind1=" " tag="720">
      <subfield code="a">Farris, Emmanuele</subfield>
      <subfield code="e">author</subfield>
   </datafield>
   <datafield ind2=" " ind1=" " tag="720">
      <subfield code="a">Susanna, Alfonso</subfield>
      <subfield code="e">author</subfield>
   </datafield>
   <datafield ind2=" " ind1=" " tag="720">
      <subfield code="a">Filigheddu, Rossella</subfield>
      <subfield code="e">author</subfield>
   </datafield>
   <datafield ind2=" " ind1=" " tag="720">
      <subfield code="a">Garcia-Jacas, Núria</subfield>
      <subfield code="e">author</subfield>
   </datafield>
   <datafield ind2=" " ind1=" " tag="260">
      <subfield code="c">2020</subfield>
   </datafield>
   <datafield ind2=" " ind1=" " tag="520">
      <subfield code="a">The Mediterranean Basin is a biodiversity hotspot, where islands play a key role because of their high biological diversity, degree of endemicity and human pressure. One of these islands, Sardinia, is a good evolutionary laboratory, especially for the study of complex genera, such as Centaurea. In particular, endemic species of Centaurea sect. Centaurea from Sardinia provides an interesting case study of plant evolution on continental islands. We attempted to clarify the processes leading to the diversification of Centaurea species on Sardinia using bi-parentally inherited nuclear markers and maternally inherited plastid markers. Our plastid results revealed the presence of five lineages of sect. Centaurea on the island. Three of them were defined as three species: C. ferulacea, C. filiformis and C. horrida. The other two lineages highlighted the complex evolutionary history of the two polyploids C. corensis and C. magistrorum. Multiple colonization events from the mainland involving the C. deusta and C. paniculata lineages among others, have led to the diversity of sect. Centaurea on Sardinia. One colonization event likely followed a southern path via the land connection between the mainland, the Calabrian Plate and Sardinia. A second pathway likely followed a northern connection, probably through the Tuscan Archipelago. Implications of these findings on conservation efforts for Centaurea endemics on Sardinia are also discussed.</subfield>
   </datafield>
   <datafield ind1="8" ind2=" " tag="024">
      <subfield code="a">http://hdl.handle.net/2072/458763</subfield>
   </datafield>
   <datafield ind2="0" ind1="0" tag="245">
      <subfield code="a">Islands as a crossroad of evolutionary lineages : A case study of Centaurea sect. Centaurea (Compositae) from Sardinia (Mediterranean Basin)</subfield>
   </datafield>
</record></metadata></record></GetRecord></OAI-PMH>